000 00550pab a2200181 454500
008 180718b2001 xxu||||| |||| 00| 0 eng d
100 _aSmith, Jeremy
245 _aDeterminants of degree performance in UK universities: a statistical analysis of the 1993 student cohort
260 _c2001
300 _ap.29-60
362 _aFeb
650 _aStudents - Great Britain
650 _aUniversities - Great Britain
650 _aUniversities
700 _aNaylor, Robin
773 _aOxford Bulletin of Economics and Statistics
909 _a48892
999 _c48892
_d48892